| 000 | 00781 a2200217 4500 | ||
|---|---|---|---|
| 010 | _aENG-89135 | ||
| 020 |
_a9788189781385 _c300.00 |
||
| 035 | _aEN-72668 | ||
| 037 | _bDBAD / PUB | ||
| 082 | 1 | 4 | _a614.1 |
| 090 |
_c10359 _d10359 |
||
| 100 | 1 | _aKarmakar, Rabindra Nath | |
| 245 | 1 |
_aForensic Medicine and Toxicology : _cby Rabindra Nath Karmakar _boral, practical, histological examination & MCQ / |
|
| 250 | _a2nd ed | ||
| 260 |
_aKolkata _bAcademic Publishers _c2007 |
||
| 270 |
_a5A, Bhawani Dutta Lane, _bKolkata _e700 073 |
||
| 300 |
_axxii, 560p. _c24cm (pbk) _bfig. |
||
| 500 | _aIncludes bibliographical references and index | ||
| 942 |
_adpl _cEN _k614.1 / KAR |
||
| 999 |
_c10097 _d10097 |
||